Ukazovateľ Cash flow - rentabilita investícií

Ukazovateľ CFROI (Cash flow Return on Investment) - cash flow rentabilita investícií je schopný stanoviť mieru tvorby hodnoty nezávisle od veľkosti podniku a odvetvia. Je založený na princípe vnútornej miery výnosnosti. Dynamický ukazovateľ CFROI.

Na minha lista:
Detalhes bibliográficos
Autor principal: Nagy, Ladislav
Formato: Capítulo de Livro
Idioma:eslovaco
Assuntos:
Tags: Adicionar Tag
Sem tags, seja o primeiro a adicionar uma tag!

MARC

LEADER 00000nla a2200000 4500
001 0185817
005 20240502073159.8
041 0 |a slo 
044 |a SK 
245 1 0 |a Ukazovateľ Cash flow - rentabilita investícií  |c Ladislav Nagy 
520 |a Ukazovateľ CFROI (Cash flow Return on Investment) - cash flow rentabilita investícií je schopný stanoviť mieru tvorby hodnoty nezávisle od veľkosti podniku a odvetvia. Je založený na princípe vnútornej miery výnosnosti. Dynamický ukazovateľ CFROI. 
610 2 0 |a podnik 
610 2 0 |a rentabilita podniku 
610 2 0 |a cash flow 
610 2 0 |a ukazovatele 
610 2 0 |a výnosnosť 
100 1 |a Nagy, Ladislav